Geography Quiz

Random Geography or State Quiz

US States Without Krispy Kreme Doughnuts Quiz Stats

 Plays Quiz Updated Jul 28, 2015

Challenge
Share
Tweet
Embed
Score 0/11 Timer 02:00
1 Play Today
States % Correct
Maine
86.7%
Alaska
85.2%
North Dakota
84.3%
South Dakota
83.5%
Vermont
82.1%
Montana
81.1%
New Hampshire
79.8%
Rhode Island
77%
Wyoming
75.2%
Massachusetts
54.6%
Minnesota
53.2%

You're not logged in!

Compare scores with friends on all Sporcle quizzes.
Join for Free
OR
Log In

You Might Also Like...

Show Comments

Extras

Top Quizzes Today


Score Distribution

Your Account Isn't Verified!

In order to create a playlist on Sporcle, you need to verify the email address you used during registration. Go to your Sporcle Settings to finish the process.

Report this User

Report this user for behavior that violates our Community Guidelines.

Details: